Statistics for La Salle Basketball: Top 10 All-Time Leaders

Click here to take the quiz!

General Stats

  • This quiz has been taken 3 times
    (0 since last reset)
  • The average score is 0 of 91

Answer Stats

Category#PlayerAmount% Correct
Blocks3Aaric Murray142
0%
Games6Amar Stukes126
0%
Blocks9Anwar Wilson91
0%
Assists9Charlie Wise403
0%
Field Goal Percent8Charlie Wise48.8%
0%
Assists5Chip Greenberg461
0%
Steals10Chip Greenberg176
0%
Blocks5Clifton Moore116
0%
Three Pointers Made1Darnell Harris342
0%
Blocks10Devon White83
0%
GamesT4D.J. Peterson129
0%
Three Pointers Made2Donnie Carr308
0%
Assists8Donnie Carr404
0%
Points5Donnie Carr2,067
0%
Points Per Game10Donnie Carr19.7
0%
Field Goal Percent3Donn Wilber53.3%
0%
GamesT9Doug Overton123
0%
Assists1Doug Overton671
0%
Steals1Doug Overton277
0%
Rebounds9George Sutor826
0%
Points Per Game5Hubie Marshall21.3
0%
GamesT7Jack Hurd124
0%
Steals6Jack Hurd205
0%
Three Pointers Made4Jack Hurd291
0%
Three Pointers Made8Jermaine Thomas201
0%
GamesT1Jerrell Wright132
0%
Field Goal Percent1Jerrell Wright56.1%
0%
BlocksT6Jerrell Wright107
0%
Rebounds8Jerrell Wright841
0%
Assists7Jhamir Brickus426
0%
Points Per Game8Joe Bryant20.3
0%
Field Goal Percent9Joe Bryant48.8%
0%
Three Pointers Made7Jordan Price227
0%
Assists2Julian Blanks570
0%
Three Pointers Made3Kareem Townes300
0%
Steals8Kareem Townes196
0%
Points Per Game2Kareem Townes23.8
0%
Points8Kareem Towns1,925
0%
Rebounds6Ken Durrett850
0%
Points Per Game3Ken Durrett23.6
0%
Field Goal Percent5Kevin Lynam50.8%
0%
Field Goal Percent7Lionel Simmons50.1%
0%
Games3Lionel Simmons131
0%
Points Per Game1Lionel Simmons24.6
0%
Points1Lionel Simmons3,217
0%
Steals2Lionel Simmons239
0%
Rebounds2Lionel Simmons1,429
0%
Blocks1Lionel Simmons248
0%
Points2Michael Brooks2,628
0%
Rebounds3Michael Brooks1,372
0%
Points Per Game4Michael Brooks23.1
0%
Field Goal Percent2Michael Brooks53.8%
0%
GamesT7Milko Lieverst124
0%
Rebounds10Norm Grekin809
0%
Steals5Paul Burke216
0%
Assists3Paul Burke567
0%
Rebounds4Ralph Lewis966
0%
Blocks8Ralph Lewis94
0%
Steals7Ralph Lewis200
0%
Field Goal Percent4Ralph Lewis53.0%
0%
Steals4Randy Woods220
0%
Points10Randy Woods1,811
0%
Points Per Game7Randy Woods20.6
0%
Three Pointers Made6Randy Woods278
0%
Points4Rasual Butler2,125
0%
Blocks4Rasual Butler120
0%
Three Pointers Made5Rasual Butler282
0%
Assists6Rich Tarr429
0%
GamesT9Rodney Green123
0%
Points9Rodney Green1,914
0%
Assists10Rodney Green390
0%
Steals9Rodney Green185
0%
BlocksT6Ron Barnes107
0%
Three Pointers MadeT9Sam Mills196
0%
GamesT4Sam Mills129
0%
Points6Steve Black2,012
0%
Field Goal Percent6Steve Black50.4%
0%
Points Per Game9Steve Black19.7
0%
Rebounds5Steven Smith872
0%
Points7Steven Smith1,940
0%
Blocks2Steve Zack169
0%
Rebounds7Steve Zack843
0%
GamesT9Steve Zack123
0%
Field Goal Percent10Tim Legler48.6%
0%
Points3Tom Gola2,461
0%
Rebounds1Tom Gola2,201
0%
Points Per Game6Tom Gola20.9
0%
GamesT1Tyreek Duren132
0%
Steals3Tyreek Duren227
0%
Assists4Tyreek Duren500
0%
Three Pointers MadeT9Victor Thomas196
0%

Score Distribution

Percentile by Number Answered

Percent of People with Each Score

Your Score History

You have not taken this quiz since the last reset